000 00516nam a2200181Ia 4500
005 20250423101527.0
008 250422s9999 xx 000 0 und d
020 _a9781032428239
050 _aTS 695 .U36/
100 _aUkoba, Kingsley
245 0 _aThin films, atomic layer deposition, and 3D printing
260 _aBoca Raton
260 _bCRC Press
260 _c2024
300 _axiii, 271p. ill.
650 _a Atomic layer deposition. Additive manufacturing. Industry 4.0.
942 _cBK
999 _c36547
_d36547